| 000 | 00000nam 2200000za 4500 |
| 001 | 9.816497 |
| 003 | CaOODSP |
| 005 | 20221107142251 |
| 007 | cr ||||||||||| |
| 008 | 160218s1995 onc |o f|0| 0 eng d |
| 020 | |z0-660-15903-1 |
| 040 | |aCaOODSP|beng |
| 041 | |aeng|bfre |
| 043 | |an-cn--- |
| 086 | 1 |aFs41-31/123E-PDF |
| 245 | 00|aWater, science, and the public |h[electronic resource] : |bthe Miramichi ecosystem / |cedited by E. Michael P. Chadwick |
| 260 | |aOttawa : |bDepartment of Fisheries and Oceans, |c1995. |
| 300 | |aviii, 300 p. : |bphotos, graphs, tables, maps. |
| 490 | 1 |aCanadian Special Publication of Fisheries and Aquatic Sciences, |x0706-6481 ; |v123 |
| 500 | |aThe ISBN (0-660-15903-1) of the print edition has been copied in this electronic edition. |
| 504 | |aIncludes bibliographic references. |
| 692 | 07|2gccst|aEcosystems |
| 700 | 1 |aChadwick, E. M. P.|q(Edward Michael Pakenham)|eed. |
| 710 | 1 |aCanada. |bDepartment of Fisheries and Oceans. |
| 710 | 2 |aNational Research Council Canada. |
| 830 | #0|aCanadian special publication of fisheries and aquatic sciences ;|v123|w(CaOODSP)9.806457 |
| 856 | 40|qPDF|s6.43 MB|uhttps://publications.gc.ca/collections/collection_2016/mpo-dfo/Fs41-31-123-eng.pdf |